Wegierska reforma podatkowa z 1988 r.

Podstata a príčiny daňovej reformy. Daň z príjmov podnikov. Centrálne riadenie miezd v podnikoch. Daň z pridanej hodnoty. Diskusia, ktorá predchádzala zavedeniu dane z osobných príjmov obyvateľstva. Zásady zdaňovania osobných príjmov obyvateľstva. Hodnotenie a perspektívy maďarskej daňovej reformy....

Descrizione completa

Salvato in:
Dettagli Bibliografici
Autore principale: Krajewska, S.
Natura: Capitolo di libro
Lingua:polacco
Soggetti:
Tags: Aggiungi Tag
Nessun Tag, puoi essere il primo ad aggiungerne!!

MARC

LEADER 00000naa a2200000 4500
001 r007648
005 20221125122756.9
041 0 |a pol 
044 |a PL 
245 1 0 |a Wegierska reforma podatkowa z 1988 r.  |c S. Krajewska 
520 |a Podstata a príčiny daňovej reformy. Daň z príjmov podnikov. Centrálne riadenie miezd v podnikoch. Daň z pridanej hodnoty. Diskusia, ktorá predchádzala zavedeniu dane z osobných príjmov obyvateľstva. Zásady zdaňovania osobných príjmov obyvateľstva. Hodnotenie a perspektívy maďarskej daňovej reformy. Závery. 
610 2 0 |a reformy daňové 
610 2 0 |a MR 
610 2 0 |a 1988 
610 2 0 |a príjmy osobné 
610 2 0 |a dane z príjmov 
610 2 0 |a dane podnikové 
610 2 0 |a dane z hodnoty pridanej 
100 1 |a Krajewska, S.